| 000 | 00353nam a2200097Ia 4500 | ||
|---|---|---|---|
| 008 | 160329s9999 xx 000 0 und d | ||
| 245 | _aSSRN | ||
| 500 | _aIt has material from across a broad range of the social sciences and is one of the largest OA repositories in the world. | ||
| 650 | _aSocial sciences -- research. | ||
| 856 | _uhttp://www.ssrn.com/en/ | ||
| 999 |
_c292862 _d292862 |
||